| 000 | 01076cam a2200217 4500 | ||
|---|---|---|---|
| 001 | ##L136501 | ||
| 008 | 070205n 000 0 eng u | ||
| 035 | _a(Sirsi) u136501 | ||
| 041 | 0 | _aeng | |
| 050 | 0 | 4 | _a614.76 $2 18 |
| 110 | 2 |
_aNetRegs _95113 |
|
| 245 | 0 | 0 |
_aSite waste _bit's criminal _ba simple guide to site waste management plans _h[electronic resource] |
| 260 |
_a[S.l.] _bNetRegs _c[2007?] |
||
| 520 | _aEmphasises the importance of Site Waste Management Plans (SWMP) to construction businesses and provides practical guidance on how to prepare for SWMPs becoming law in April 2008. Explains what a SWMP is, why they are required and the benefits of having one. Outlines simple steps to help businesses create a SWMP and provides a SWMP checklist. | ||
| 590 | _aKA | ||
| 650 | 2 | 4 | _aSITE WASTE MANAGEMENT PLANS |
| 651 | 4 |
_aEngland and Wales _y1543- |
|
| 690 | _aENVIRONMENTAL AND LAND CONSULTANCY-WASTE MANAGEMENT | ||
| 856 | 4 | 0 |
_uhttps://www.netregs.gov.uk/netregs/legislation/380525/1555007 _zView the guide free of charge at www.netregs.gov.uk... |
| 942 | _n0 | ||
| 999 |
_c106412 _d106412 |
||